[Event "Vojvodina-chT"]
[Site "Kovacica"]
[Date "2019.11.06"]
[Round "8.6"]
[White "Volarov, Damir"]
[Black "Majstorovic, Stanko"]
[Result "1/2-1/2"]
[WhiteElo "2076"]
[BlackElo "2078"]
[PlyCount "130"]
[EventDate "2019.11.01"]
[EventType "team-tourn"]
[EventRounds "11"]
[EventCountry "SRB"]
[SourceTitle "CBM 192 Extra"]
[Source "Chessbase"]
[SourceDate "2019.11.06"]
[SourceVersion "1"]
[SourceVersionDate "2019.11.06"]
[SourceQuality "1"]
[WhiteTeam "Mladenovo"]
[BlackTeam "Indija Sloga"]
[WhiteTeamCountry "SRB"]
[BlackTeamCountry "SRB"]

1. Nf3 Nf6 2. c4 g6 3. d4 Bg7 4. Nc3 d5 5. g3 0-0 6. Qb3 dxc4 7. Qxc4 c6 8. Bg2 Nbd7 9. 0-0 Nb6 10. Qd3 h6 11. Rd1 Be6 12. e4 Qc8 13. b3 Rd8 14. Ba3 Qc7 15. Rac1 a6 16. Qe2 Bg4 17. h3 Bxf3 18. Qxf3 h5 19. Qe2 Bh6 20. Rc2 Rac8 21. e5 Nfd5 22. Ne4 Nd7 23. Bc1 Bxc1 24. Rcxc1 Nf8 25. h4 Qb6 26. Bh3 Ra8 27. Ng5 Nh7 28. Ne4 a5 29. Qf3 a4 30. g4 hxg4 31. Qxg4 axb3 32. axb3 Nc7 33. h5 Kg7 34. Nc5 g5 35. Qe4 e6 36. Rd3 Nb5 37. Kh1 Kh8 38. f4 gxf4 39. Qxf4 Qc7 40. Rg1 Rg8 41. Rdg3 Rxg3 42. Qxg3 f6 43. Bxe6 Ng5 44. Qf4 Nh7 45. Qg4 Ng5 46. exf6 Nxe6 47. Nxe6 Qf7 48. Qg6 Nd6 49. Qh6+ Qh7 50. Qg7+ Qxg7 51. fxg7+ Kh7 52. Rg3 Nf5 53. Ng5+ Kg8 54. h6 Nxh6 55. Rh3 Kxg7 56. Rg3 Kf6 57. Ne4+ Ke6 58. Rd3 b6 59. Kg2 Rf8 60. Rf3 Rh8 61. Kf2 Rh7 62. Nd2 Kd5 63. Ke3 Ke6 64. Rg3 c5 65. dxc5 bxc5 1/2-1/2

[Event "Vojvodina-chT"]
[Site "Kovacica"]
[Date "2019.11.05"]
[Round "7.6"]
[White "Majstorovic, Stanko"]
[Black "Ivancevic, Bozidar"]
[Result "1-0"]
[WhiteElo "2078"]
[BlackElo "2091"]
[PlyCount "85"]
[EventDate "2019.11.01"]
[EventType "team-tourn"]
[EventRounds "11"]
[EventCountry "SRB"]
[SourceTitle "CBM 192 Extra"]
[Source "Chessbase"]
[SourceDate "2019.11.06"]
[SourceVersion "1"]
[SourceVersionDate "2019.11.06"]
[SourceQuality "1"]
[WhiteTeam "Indija Sloga"]
[BlackTeam "Rastina Polet"]
[WhiteTeamCountry "SRB"]
[BlackTeamCountry "SRB"]

1. e4 g6 2. Nf3 Bg7 3. Bc4 d6 4. c3 Nf6 5. d3 0-0 6. 0-0 c6 7. a4 e5 8. h3 Qc7 9. Re1 b6 10. Nbd2 Bb7 11. Nf1 d5 12. Ba2 Nbd7 13. Ng3 dxe4 14. dxe4 Rad8 15. Qe2 Nc5 16. Bc4 a6 17. b4 Nxa4 18. Rxa4 b5 19. Ra5 bxc4 20. Nxe5 Nd7 21. Nxd7 Rxd7 22. Qxc4 Rfd8 23. Bg5 Rd1 24. Ra1 Rxa1 25. Rxa1 Be5 26. Bxd8 Qxd8 27. Ne2 Qd2 28. Rf1 Kg7 29. Nd4 Bf6 30. f3 Qe3+ 31. Kh1 Be5 32. f4 Bxf4 33. Ne2 Be5 34. Qxf7+ Kh6 35. Qf8+ Bg7 36. Qf4+ Qxf4 37. Rxf4 c5 38. Rh4+ Kg5 39. Rxh7 Kf6 40. e5+ Kf7 41. e6+ Kf8 42. Rh4 cxb4 43. Rxb4 1-0

[Event "Vojvodina-chT"]
[Site "Kovacica"]
[Date "2019.11.03"]
[Round "3.6"]
[White "Gavric, Zivojin"]
[Black "Majstorovic, Stanko"]
[Result "1-0"]
[WhiteElo "2108"]
[BlackElo "2078"]
[PlyCount "155"]
[EventDate "2019.11.01"]
[EventType "team-tourn"]
[EventRounds "11"]
[EventCountry "SRB"]
[SourceTitle "CBM 192 Extra"]
[Source "Chessbase"]
[SourceDate "2019.11.06"]
[SourceVersion "1"]
[SourceVersionDate "2019.11.06"]
[SourceQuality "1"]
[WhiteTeam "Nova Pazova Mladost"]
[BlackTeam "Indija Sloga"]
[WhiteTeamCountry "SRB"]
[BlackTeamCountry "SRB"]

1. d4 Nf6 2. Nf3 d5 3. Bf4 c5 4. c3 Qb6 5. Qb3 Qxb3 6. axb3 Nc6 7. dxc5 e5 8. Nxe5 Bxc5 9. e3 Nh5 10. Nd3 Nxf4 11. Nxf4 Be6 12. Bb5 0-0-0 13. b4 Bb6 14. Bxc6 bxc6 15. Nxe6 fxe6 16. Nd2 e5 17. 0-0 Rhe8 18. Rfe1 Rd7 19. Nb3 Rf7 20. Re2 g5 21. Nc5 g4 22. Rd1 a5 23. Na4 Kc7 24. Nxb6 Kxb6 25. bxa5+ Kxa5 26. Ra1+ Kb5 27. b3 Rb8 28. Rea2 Kc5 29. Ra5+ Kd6 30. b4 h5 31. Rd1 e4 32. c4 Rxb4 33. cxd5 c5 34. Ra6+ Ke5 35. Rh6 Rb2 36. Rxh5+ Kd6 37. Rh6+ Kd7 38. Ra1 Kc8 39. Rg6 Rfxf2 40. Rxg4 Rfd2 41. h4 Rxd5 42. Rxe4 Kb7 43. Re7+ Kb6 44. Ra8 Re2 45. Rb8+ Kc6 46. Re6+ Kd7 47. Ree8 Rd1+ 48. Kh2 Rde1 49. Rbd8+ Kc6 50. Re5 Rc2 51. h5 Ree2 52. Rg8 Kd6 53. Ree8 Rc4 54. Kg3 Rcc2 55. Kh3 Re1 56. Rg6+ Kd7 57. Re5 Rc3 58. h6 Rexe3+ 59. Rxe3 Rxe3+ 60. Kg4 Re8 61. Kf5 c4 62. Rg7+ Kd6 63. h7 Rh8 64. Kg6 c3 65. Ra7 Rc8 66. Ra1 Kd5 67. g4 Rc6+ 68. Kg5 Rc8 69. Kf5 Kd4 70. g5 Kd3 71. g6 Rc5+ 72. Kg4 Rc4+ 73. Kg5 Rc5+ 74. Kf6 Rc6+ 75. Kg7 Rc7+ 76. Kh6 Rc8 77. g7 Rc6+ 78. Kg5 1-0

[Event "Vojvodina-chT"]
[Site "Novi Sad"]
[Date "2017.11.17"]
[Round "6.3"]
[White "Remecki, Sinisa"]
[Black "Majstorovic, Stanko"]
[Result "1-0"]
[WhiteElo "2246"]
[BlackElo "2095"]
[PlyCount "43"]
[EventDate "2017.11.13"]
[EventType "team-tourn"]
[EventRounds "11"]
[EventCountry "SRB"]
[SourceTitle "CBM 181 Extra"]
[Source "ChessBase"]
[SourceDate "2017.12.12"]
[SourceVersion "1"]
[SourceVersionDate "2017.12.12"]
[SourceQuality "1"]
[WhiteTeam "Petrovaradin Kraljica"]
[BlackTeam "Beska Hajduk"]
[WhiteTeamCountry "SRB"]
[BlackTeamCountry "SRB"]

1. d4 Nf6 2. Nc3 d5 3. Bg5 c6 4. Qd3 g6 5. f3 Bg7 6. 0-0-0 Qa5 7. Qd2 b5 8. a3 Nbd7 9. Kb1 Qb6 10. e4 b4 11. axb4 Rb8 12. b5 dxe4 13. fxe4 a6 14. Bf4 Rb7 15. Na4 Nxe4 16. Qe1 Qa7 17. bxc6 Rxb2+ 18. Nxb2 Ndf6 19. Be5 Nd5 20. Rd3 Nec3+ 21. Rxc3 Bxe5 22. Qxe5 1-0

[Event "Gligoric Cup 4th"]
[Site "Novi Banovci"]
[Date "2017.05.26"]
[Round "2.7"]
[White "Stamenkovic, Aleksandar"]
[Black "Majstorovic, Stanko"]
[Result "0-1"]
[WhiteElo "2206"]
[BlackElo "2149"]
[PlyCount "101"]
[EventDate "2017.05.25"]
[EventType "team-swiss"]
[EventRounds "5"]
[EventCountry "SRB"]
[SourceTitle "CBM 178 Extra"]
[Source "ChessBase"]
[SourceDate "2017.06.22"]
[SourceVersion "1"]
[SourceVersionDate "2017.06.22"]
[SourceQuality "1"]
[WhiteTeam "Indija Sloga"]
[BlackTeam "Beska Hajduk"]
[WhiteTeamCountry "SRB"]
[BlackTeamCountry "SRB"]

1. d4 d5 2. Nf3 Nf6 3. c4 e6 4. g3 Bb4+ 5. Bd2 Bxd2+ 6. Nbxd2 0-0 7. Bg2 c6 8. 0-0 Nbd7 9. Qc2 Re8 10. e4 dxe4 11. Nxe4 Nxe4 12. Qxe4 Qa5 13. Rfd1 Nf6 14. Qe5 Qxe5 15. Nxe5 Nd7 16. Rd2 f6 17. Nd3 Rd8 18. b3 Rb8 19. Rad1 Nf8 20. Nc5 Kf7 21. f4 f5 22. Nd3 Kf6 23. Ne5 Nd7 24. Bxc6 bxc6 25. Nxc6 Bb7 26. Nxd8 Rxd8 27. Kf2 Ke7 28. Ke3 Nf6 29. b4 Rc8 30. Kd3 Be4+ 31. Kc3 Bd5 32. c5 Ne4+ 33. Kb2 Rb8 34. Rc2 Rxb4+ 35. Ka3 Rb7 36. Rb2 Rd7 37. Rc1 Bc6 38. Rc4 Nf6 39. Rb8 Nd5 40. Rc8 Nc7 41. Rb4 Be4 42. Kb2 h6 43. Rbb8 Kf6 44. Rd8 Re7 45. Rf8+ Kg6 46. Kc3 Kh5 47. h3 Bg2 48. Kd3 Bxh3 49. Rb7 Bf1+ 50. Kd2 Ba6 51. Rxa7 0-1